000
00320nam a2200133Ia 4500
008
210210b1990 xxu||||| |||| 00| 0 eng d
082
_a
306.0954 DUBI
100
_a
DUBE (S C).
245
_a
Indian society.
260
_a
ND
_b
National Book Trust
_c
1990
300
_a
vi,131
690
_a
Indian Society
906
_a
048951
999
_c
97879
_d
97879